00608 a2200193 450000100060000002000150000604000240002110000210004524000310006624500260009730000070012336200090013044000120013965000310015194200070018295201040018995201040029399900170039769151 a8508080956 cAnchieta - Itaigara aAzevedo, Ricardo10aUm homem no sótãolpor10aUm homem no sótão a570 a2001 1aÁtica 4aLiteratura infanto-juvenil cBK 00104070a88.1b88.1d2023-11-21l0o028.5 AZE HOMp1183/ITAr2023-11-21 20:03:35w2023-11-21yBK 00104070a88.1b88.1d2023-11-21l0o028.5 AZE HOMp1184/ITAr2023-11-21 20:03:35w2023-11-21yBK c69151d69151